| 000 | 00697nam a22002177a 4500 | ||
|---|---|---|---|
| 005 | 20251108164228.0 | ||
| 008 | 250721s1987 xx 000 0 ara d | ||
| 082 | 1 | 4 | _a784/خال |
| 100 | 1 | _aالقاسمي، خالد بن محمد | |
| 245 | 1 | 0 | _aجذور الأغنيه اليمنيه في أعماق الخليج / |
| 264 | 1 |
_aدمشق : _bدار الجليل للطباعه و النشر و التوزيع، _c1987. |
|
| 300 | _a139ص | ||
| 650 | 1 | 7 | _aالأغاني |
| 650 | 1 | 7 | _aاليمن |
| 650 | 1 | 7 | _aالأغاني الشعبية |
| 650 | 1 | 7 | _aالغناء |
| 650 | 1 | 7 | _aالخليج العربي |
| 700 | 1 | _aغانم، نزار محمد | |
| 942 |
_2ddc _cBK |
||
| 999 |
_c6934 _d6934 |
||